Normal view
MARC view
- Kamran
Entry Personal Name
001 - CONTROL NUMBER
- control field: 48042
003 - CONTROL NUMBER IDENTIFIER
- control field: NUST
005 - DATE AND TIME OF LATEST TRANSACTION
- control field: 20210314133946.0
008 - FIXED-LENGTH DATA ELEMENTS
- fixed length control field: 210314|| aca||aabn | a|a d
040 ## - CATALOGING SOURCE
- Original cataloging agency: NUST
- Transcribing agency: NUST
100 ## - HEADING--PERSONAL NAME
- Personal name: Kamran
670 ## - SOURCE DATA FOUND
- Source citation: Work cat.: (NUST): Yasir Mehmood. 15586, Final semester project and investigation to premature failure of taxila-hattar haripur road., 29-11-2005
